Cell biology & molecular biology / (Record no. 155571)

MARC details
000 -LEADER
fixed length control field 00657nam a22002057a 4500
005 - DATE AND TIME OF LATEST TRANSACTION
control field 20180807103159.0
010 ## - LCCN (DPL NO)
LC control number ENG-123820
020 ## - INTERNATIONAL STANDARD BOOK NUMBER
International Standard Book Number 9788189941529
Terms of availability 200.00
035 ## - SYSTEM CONTROL NUMBER
System control number EN-107352
037 ## - SOURCE OF ACQUISITION
Source of stock number/acquisition DBAD/PUB
082 ## - DEWEY DECIMAL CLASSIFICATION NUMBER
Classification number 571.6
100 ## - MAIN ENTRY--PERSONAL NAME
Personal name Arumugam, N.
245 ## - TITLE STATEMENT
Title Cell biology & molecular biology /
Statement of responsibility, etc by N. Arumugam
250 ## - EDITION STATEMENT
Edition statement 7th ed.
260 ## - PUBLICATION, DISTRIBUTION, ETC. (IMPRINT)
Place of publication, distribution, etc Kanyakumari Dist.
Name of publisher, distributor, etc Saras Publication
Date of publication, distribution, etc 2013
270 ## - ADDRESS
Address 114/35GA.R.P., Camp Road, Periavilai, Kottar P.O., Nagercoil,
City Kanyakumari Dist.
Postal code 629002
300 ## - PHYSICAL DESCRIPTION
Extent xvi,570p.
Dimensions 21cm.(pbk)
Other physical details ill.
500 ## - GENERAL NOTE
General note It includes glossary and index
942 ## - ADDED ENTRY ELEMENTS (KOHA)
Source of classification or shelving scheme Dewey Decimal Classification
Item type English Books
Classification part 571.6
Call number suffix ARU
Holdings
Withdrawn status Lost status Not for loan Collection code Home library Current library Date acquired Source of acquisition Cost, normal purchase price Full call number Barcode Copy number Cost, replacement price Koha item type
    Not For Loan Non-fiction D.B.Act.Division Bawana 06/08/2018 DBAD/PUB 200.00 571.6 ARU EN-107352 1 200.00 English Books

© Delhi Public Library
Hit Counter
free hit counter